| 000 | 00665nam a22002057a 4500 | ||
|---|---|---|---|
| 999 |
_c20584 _d20584 |
||
| 003 | AR-CdUCM | ||
| 008 | 190531b ||||| |||| 00| 0 spa d | ||
| 040 |
_aMUNICIPALIDAD PROVINCIAL DEL CUSCO _cBIBLIOTECA MUNICIPAL DEL CUSCO |
||
| 082 |
_a170.09 / _bI53 |
||
| 100 |
_aIngenieros, José _9579 |
||
| 245 | _aHacia una moral sin dogmas / | ||
| 260 |
_aBuenos Aires : _bLosada, _c1961. |
||
| 300 |
_a174 páginas ; _c18 cm. |
||
| 505 | _aContenido: Dogmatismo y experiencia -- Emerson y su medio -- Orientaciones morales... | ||
| 650 |
_aDogmatismo _943030 |
||
| 650 |
_aDogma _95948 |
||
| 650 |
_aMoral _94056 |
||
| 942 |
_2ddc _cLIBROS |
||
| 945 |
_adavv _d2019-05-31 |
||